Books of The Orthodox Bible - Statistics

General Stats
  • This quiz has been taken 90 times
    89 since last reset
  • The average score is 43 of 78
Answer Stats
Answer % Correct
Exodus
91%
Numbers
91%
Genesis
88%
John
88%
1 John
84%
Leviticus
84%
Luke
84%
Deuteronomy
81%
Mark
81%
Matthew
81%
1 Kings
78%
Joshua
78%
1 Corinthians
75%
2 Corinthians
75%
Psalms
75%
1 Peter
72%
2 Kings
72%
Judges
72%
Romans
72%
1 Timothy
69%
2 John
69%
2 Peter
69%
Acts (of the Apostles)
69%
Revelation (Apocalypse)
69%
Ruth
69%
3 John
66%
Esther
66%
Job
66%
2 Timothy
63%
Proverbs
63%
Galatians
59%
1 Chronicles
56%
2 Chronicles
56%
Daniel
56%
Ezekiel
56%
Jude
56%
Song of Songs
56%
1 Maccabees
53%
1 Thessalonians
53%
2 Thessalonians
53%
Ephesians
53%
Sirach
53%
Titus
53%
2 Maccabees
50%
3 Maccabees
50%
Ecclesiastes
50%
Isaiah
50%
Jeremiah
50%
Jonah
50%
Colossians
47%
Ezra
47%
Hebrews
47%
Hosea
47%
Lamentations
47%
3 Kings
44%
James
44%
Malachi
44%
Nahum
44%
Nehemiah
44%
Obadiah
44%
4 Kings
41%
Philippians
41%
Joel
38%
Judith
38%
Micah
38%
Tobit
38%
Habakkuk
34%
Amos
31%
Philemon
31%
Zechariah
31%
Zephaniah
31%
Haggai
28%
Baruch
25%
Wisdom of Solomon
22%
1 Esdras
19%
2 Esdras
19%
Letter of Jeremiah (Baruch:6)
13%
Prayer of Manasseh
13%
No matching quizzes found
Score Distribution
Percent of People with Each Score
Percentile by Number Answered
Your Score History
You have not taken this quiz since the last reset